000 00566nam a22001937a 4500
005 20251108173723.0
008 250721s2005 xx 000 0 ara d
082 1 4 _aط/597.8/يام
100 1 _aياماس، أندرو
245 1 0 _aالبرمائيات /
264 1 _aبيروت :
_bأكاديميا إنترناشونال،
_c2005.
300 _a32ص.
490 0 _aكيف تحيا
650 1 7 _aالبرماايات
650 1 7 _aالضفادع (فصيله )
653 _aناشئون صغار (10-14) سنة
942 _2ddc
_cBK
999 _c110770
_d110770